000 00341nam a2200133Ia 4500
005 20251222141928.0
008 251222s9999||||xx |||||||||||||| ||spa||
082 _a983.140.1/A55
100 _aAmpuero Brito, Gonzalo
245 0 _aCultura Diaguita
250 _a1ra.ed.
264 _bDirección de Bibliotecas Archivos y Museos
942 _cLIB
999 _c8930
_d8930